000 00382nam a2200157Ia 4500
008 230917s9999||||xx |||||||||||||| ||und||
040 _e131656
_aMAIN
041 _aEnglish
082 _a658 C35C
100 _aChampion, John M
245 0 _aCritical incidents in management
250 _a4th ed.
260 _aHomewood
_bRichard
_c1980
300 _axxvi, 325 p.
942 _cBK
999 _c219585
_d219585